000 00623nam a2200277Ia 4500
005 20260324145944.0
008 008 260324s9999 xx 000 0 eng d
020 _a9781003603337
037 _aEBOOK
040 _aCRL
040 _beng
040 _cCRL
041 _2eng
041 _aeng
084 _qCRL
100 _aRobert Burton
_91224771
245 4 _aThe Language of Smell
260 _bTaylor and Francis
260 _c1976
365 _a
365 _b135
856 _uhttp://www.taylorfrancis.com/books/9781003603337
942 _cEBOOK
999 _c1833417
_d1833417